England squad members 2013 Quiz Stats

 Plays Quiz not verified by Sporcle

Challenge
Share
Tweet
Embed
Score 0/45 Timer 10:00
0 Plays Today
Position Answer % Correct
GKJoe Hart
99.1%
STWayne Rooney
95.2%
LBAshley Cole
94.7%
LBLeighton Baines
93.9%
MFSteven Gerrard
93.4%
MFFrank Lampard
93%
CBPhil Jones
92.1%
STDaniel Sturridge
89.9%
GKBen Foster
89.5%
CBGary Cahill
89.5%
STDanny Welbeck
88.6%
RBKyle Walker
88.2%
CBPhil Jagielka
88.2%
STAndy Carroll
87.3%
GKFraser Forster
86.4%
GKJohn Ruddy
86.4%
RBGlen Johnson
86.4%
STRickie Lambert
86.4%
MFTheo Walcott
86%
LBKieran Gibbs
85.1%
MFJack Wilshere
85.1%
MFMichael Carrick
84.6%
STJermain Defoe
84.6%
Position Answer % Correct
MFAdam Lallana
84.2%
RBChris Smalling
82.5%
MFJames Milner
82.5%
CBJoleon Lescott
79.8%
MFJordan Henderson
79.4%
MFAlex Oxlade-Chamberlain
75.9%
GKJack Butland
75.4%
CBMichael Dawson
75.4%
MFAshley Young
73.7%
STJay Rodriguez
72.4%
MFRoss Barkley
71.9%
MFRaheem Sterling
69.7%
MFAaron Lennon
67.5%
MFTom Cleverley
67.5%
MFScott Parker
66.7%
CBSteven Taylor
66.2%
CBSteven Caulker
65.4%
MFLeon Osman
59.6%
MFAndros Townsend
48.2%
MFJack Rodwell
46.9%
GKAlex McCarthy
46.1%
STWilfried Zaha
28.1%

You're not logged in!

Compare scores with friends on all Sporcle quizzes.
OR
Log In

You Might Also Like...

Show Comments

Extras

Top Quizzes Today


Score Distribution

Your Account Isn't Verified!

In order to create a playlist on Sporcle, you need to verify the email address you used during registration. Go to your Sporcle Settings to finish the process.

Report this User

Report this user for behavior that violates our Community Guidelines.

Details: